Jednostki w Heroes of Might and Magic IV - Statystyki

Ogólne statystyki
  • Ten quiz został rozwiązany 806 razy
  • Średni wynik to 57 z 74
Statystyki odpowiedzi
Jednostki % Poprawnych
Anioł
97%
Kusznik
94%
Elf
93%
Balista
92%
Czarny smok
92%
Szkielet
92%
Mag
91%
Mnich
91%
Rusałka
91%
Wilk
91%
Feniks
90%
Jednorożec
90%
Tytan
90%
Diabeł
89%
Meduza
89%
Pikinier
89%
Wampir
89%
Cyklop
88%
Gryf
88%
Krasnolud
88%
Behemot
87%
Centaur
87%
Chłop
87%
Minotaur
87%
Ork
87%
Chochlik
86%
Duch
86%
Giermek
86%
Hydra
86%
Kościany smok
86%
Niziołek
86%
Biały tygrys
85%
Czempion
85%
Krzyżowiec
85%
Żywiołak ognia
85%
Żywiołak wody
85%
Żywiołak ziemi
84%
Harpia
83%
Cerber
82%
Czarodziejski smok
82%
Naga
82%
Zmora
82%
Żywiołak powietrza
82%
Złoty golem
81%
Ptak gromu
80%
Nomad
79%
Bandyta
78%
Modliszka
78%
Zombie
76%
Berserker
75%
Satyr
70%
Katapulta **
69%
Osetnica
68%
Leprekaun
67%
Jadowity pomiot
66%
Mumia
64%
Ogrzy mag
63%
Dżinn
61%
Pirat
60%
Syrena
59%
Ifrit
58%
Troglodyta
56%
Smoczy golem
55%
Demosmok **
54%
Gargulec
53%
Obserwator
52%
Potwór morski
51%
Troll
51%
Gargantuan *
50%
Zła czarownica *
47%
Gobliński rycerz *
46%
Lodowy demon
46%
Mroczny czempion *
43%
Dziki zębacz **
40%
Nie znaleziono quizów pasujących do podanych kryteriów
Rozkład punktacji
Procent ludzi z każdym wynikiem
Percentyl według liczby udzielonych odpowiedzi
Twoja historia wyników
Nie rozwiązałeś tego quizu